[Event "CAN/Quebec op"]
[Site "Montreal CAN"]
[Date "2008.07.27"]
[Round "9"]
[White "Swathi, Ghate"]
[Black "Arun Prasad, Subramanian"]
[Result "0-1"]
[WhiteElo "2351"]
[BlackElo "2492"]
[PlyCount "56"]
[GameId "2160767910353558"]
[EventDate "2008.07.19"]
[EventType "swiss"]
[EventRounds "9"]
[EventCountry "CAN"]
[SourceTitle "CBM 125 Extra"]
[Source "ChessBase"]
[SourceDate "2008.09.01"]
[SourceVersion "1"]
[SourceVersionDate "2008.09.01"]
[SourceQuality "1"]

1. e4 c5 2. Nf3 d6 3. d4 cxd4 4. Nxd4 Nf6 5. Nc3 a6 6. Be3 e6 7. f3 b5 8. g4 h6 9. Qd2 b4 10. Na4 Nbd7 11. O-O-O Ne5 12. b3 Bd7 13. Nb2 d5 14. g5 hxg5 15. Bxg5 dxe4 16. f4 Nf3 17. Nxf3 exf3 18. Bd3 Qc7 19. f5 Be7 20. fxe6 Bxe6 21. h4 Rd8 22. Rhe1 Nd5 23. Bxe7 Nxe7 24. Qg5 Rd5 25. Qxg7 Qf4+ 26. Kb1 Rg8 27. Qh7 f2 28. Rh1 Bg4 0-1

[Event "CAN/Quebec op"]
[Site "Montreal CAN"]
[Date "2008.07.27"]
[Round "9"]
[White "Thavandiran, Shiyam"]
[Black "Komarov, Dimitri"]
[Result "1/2-1/2"]
[WhiteElo "2288"]
[BlackElo "2536"]
[PlyCount "108"]
[GameId "2160767910353560"]
[EventDate "2008.07.19"]
[EventType "swiss"]
[EventRounds "9"]
[EventCountry "CAN"]
[SourceTitle "CBM 125 Extra"]
[Source "ChessBase"]
[SourceDate "2008.09.01"]
[SourceVersion "1"]
[SourceVersionDate "2008.09.01"]
[SourceQuality "1"]

1. e4 c5 2. Nc3 Nc6 3. Bb5 Nd4 4. Bc4 e6 5. Nge2 Nf6 6. O-O a6 7. d3 b5 8. Bb3 Nxb3 9. axb3 Bb7 10. Ng3 h5 11. Re1 h4 12. Nf1 h3 13. g3 d5 14. Bg5 Be7 15. f3 Qb6 16. Qd2 b4 17. Na4 Qc6 18. Qe2 Rh5 19. Bd2 Rd8 20. c3 a5 21. cxb4 axb4 22. Rac1 Qb5 23. Be3 Nd7 24. Rc2 Ba6 25. Rd2 c4 26. dxc4 dxc4 27. Qxc4 Qxc4 28. bxc4 Ne5 29. Rxd8+ Bxd8 30. Nd2 Nxc4 31. Nxc4 Bxc4 32. Rc1 Bb5 33. Nc5 Bf6 34. Rc2 g6 35. Kf2 Kf8 36. f4 e5 37. Rd2 exf4 38. gxf4 Be7 39. e5 Bc6 40. Nd7+ Ke8 41. Nf6+ Bxf6 42. exf6 Rd5 43. Re2 Bb5 44. Rd2 Rxd2+ 45. Bxd2 b3 46. Kg3 Bd7 47. Ba5 Bf5 48. Bb4 Kd7 49. Bc3 Ke6 50. Bd4 Kd5 51. Bc3 Ke4 52. Bb4 Ke3 53. Bc5+ Ke4 54. Bb4 Ke3 1/2-1/2

[Event "CAN/Quebec op"]
[Site "Montreal CAN"]
[Date "2008.07.27"]
[Round "9"]
[White "Venkatesh, Marani Rajendran"]
[Black "Rozentalis, Eduardas"]
[Result "0-1"]
[WhiteElo "2462"]
[BlackElo "2599"]
[PlyCount "113"]
[GameId "2160767910353561"]
[EventDate "2008.07.19"]
[EventType "swiss"]
[EventRounds "9"]
[EventCountry "CAN"]
[SourceTitle "CBM 125 Extra"]
[Source "ChessBase"]
[SourceDate "2008.09.01"]
[SourceVersion "1"]
[SourceVersionDate "2008.09.01"]
[SourceQuality "1"]

1. e4 Nf6 2. e5 Nd5 3. d4 d6 4. Nf3 g6 5. Bc4 c6 6. exd6 Qxd6 7. O-O Bg7 8. h3 O-O 9. Re1 Bf5 10. Bb3 a5 11. a4 Na6 12. Bg5 Bf6 13. Nbd2 Bxg5 14. Nxg5 Rad8 15. Nge4 Qf4 16. Qf3 Bxe4 17. Qxf4 Nxf4 18. Nxe4 Rxd4 19. c3 Rdd8 20. Bc4 Nb8 21. Rad1 Nd7 22. Ba2 Kg7 23. g3 Nh5 24. Ng5 Nc5 25. Rxd8 Rxd8 26. Bxf7 Rd2 27. Ne6+ Kxf7 28. Nxc5 Rxb2 29. Nd7 Rb3 30. Re5 Ke8 31. Nc5 Rb1+ 32. Kg2 Nf6 33. Nd3 b6 34. c4 Rb3 35. Re3 Nd7 36. Kf1 Ra3 37. Nb2 Ra2 38. Rb3 Kd8 39. Nd3 Rxa4 40. Rc3 Ra2 41. Ke1 Kc7 42. Nc1 Ra4 43. f4 Nc5 44. g4 Ne4 45. Rc2 Nd6 46. c5 bxc5 47. Nd3 Ra3 48. Ne5 c4 49. h4 Rh3 50. Kf1 a4 51. Kg2 Rb3 52. f5 gxf5 53. g5 a3 54. Nxc4 a2 55. Rxa2 Nxc4 56. Ra8 f4 57. h5 0-1

[Event "CAN/Quebec op"]
[Site "Montreal CAN"]
[Date "2008.07.27"]
[Round "9"]
[White "Yap, Nicolas A"]
[Black "Karavade, Eesha"]
[Result "0-1"]
[WhiteElo "2279"]
[BlackElo "2297"]
[PlyCount "52"]
[GameId "2160767910353563"]
[EventDate "2008.07.19"]
[EventType "swiss"]
[EventRounds "9"]
[EventCountry "CAN"]
[SourceTitle "CBM 125 Extra"]
[Source "ChessBase"]
[SourceDate "2008.09.01"]
[SourceVersion "1"]
[SourceVersionDate "2008.09.01"]
[SourceQuality "1"]

1. e4 c5 2. Nf3 d6 3. d4 cxd4 4. Nxd4 Nf6 5. Nc3 e6 6. g4 h6 7. h4 Nc6 8. Nb3 a6 9. Be3 Qc7 10. f3 b5 11. Qd2 Ne5 12. Be2 Bb7 13. O-O-O b4 14. Na4 d5 15. Nb6 Rd8 16. g5 hxg5 17. exd5 Nxd5 18. Nxd5 Rxd5 19. Qe1 Rxd1+ 20. Qxd1 gxh4 21. Qd4 Nxf3 22. Qa7 Bd6 23. Nc5 Bd5 24. Qxa6 O-O 25. Nb3 Ra8 26. Qd3 Ne5 0-1

[Event "CAN/Quebec op"]
[Site "Montreal CAN"]
[Date "2008.07.27"]
[Round "9"]
[White "Yoos, John"]
[Black "Hansen, Eric"]
[Result "1/2-1/2"]
[WhiteElo "2366"]
[BlackElo "2268"]
[PlyCount "96"]
[GameId "2160767910353564"]
[EventDate "2008.07.19"]
[EventType "swiss"]
[EventRounds "9"]
[EventCountry "CAN"]
[SourceTitle "CBM 125 Extra"]
[Source "ChessBase"]
[SourceDate "2008.09.01"]
[SourceVersion "1"]
[SourceVersionDate "2008.09.01"]
[SourceQuality "1"]

1. e4 e6 2. d4 d5 3. e5 b6 4. c3 Qd7 5. Bd3 Ba6 6. Bc2 c5 7. a3 Nc6 8. Be3 Nge7 9. Ne2 Nf5 10. b3 Rc8 11. Ra2 Be7 12. Ng3 O-O 13. Nxf5 exf5 14. f4 f6 15. Nd2 fxe5 16. fxe5 cxd4 17. cxd4 Nd8 18. Nf3 Ne6 19. Bc1 Rc3 20. Bd2 Rc7 21. h4 g6 22. Kf2 h5 23. Kg3 Rfc8 24. Bb1 Kg7 25. Kh2 Bb5 26. g3 a5 27. a4 Ba6 28. Qe1 Qd8 29. Qe3 Qh8 30. Rc1 Bb4 31. Rxc7+ Rxc7 32. Ng5 Bc8 33. Bxb4 axb4 34. a5 bxa5 35. Rxa5 Qd8 36. Nxe6+ Bxe6 37. Ra6 Rc3 38. Ra7+ Bf7 39. Qd2 Rc7 40. Rxc7 Qxc7 41. Qxb4 Qc1 42. Bd3 Qe3 43. Bf1 f4 44. gxf4 Qxf4+ 45. Kg1 Qe3+ 46. Kh2 Qf4+ 47. Kg1 Qe3+ 48. Kh2 Qf4+ 1/2-1/2

[Event "CAN/Quebec op U1400"]
[Site "Montreal CAN"]
[Date "2008.07.26"]
[Round "9"]
[White "Bilodeau-Savaria, Cendrina"]
[Black "Metthe, Sylvain"]
[Result "0-1"]
[WhiteElo "976"]
[BlackElo "1231"]
[PlyCount "228"]
[GameId "2160767910353565"]
[EventDate "2008.07.19"]
[EventType "swiss"]
[EventRounds "9"]
[EventCountry "CAN"]

1. d4 c5 2. e3 e6 3. c4 d6 4. Nf3 Nd7 5. Nc3 Be7 6. g3 Ngf6 7. Bg2 O-O 8. O-O Nb6 9. b3 Bd7 10. Bb2 Qc7 11. Qc2 Bc6 12. Rfd1 Rfd8 13. Rd2 Nbd7 14. Rad1 Nf8 15. d5 Bd7 16. Ne4 e5 17. Nxf6+ Bxf6 18. e4 Bg4 19. h3 Bh5 20. Ra1 Qc8 21. g4 Bg6 22. Re2 h6 23. a3 Bh7 24. b4 b6 25. b5 Ng6 26. Ree1 a5 27. a4 Nf4 28. Bc1 Nxg2 29. Kxg2 Qc7 30. Be3 Qe7 31. Rh1 Qf8 32. Rad1 g6 33. Rde1 Qg7 34. Qc1 g5 35. Bd2 Be7 36. Qc2 f6 37. Qd3 Bg6 38. Qc2 Kf7 39. Bc3 Rh8 40. Nd2 h5 41. f3 Ke8 42. Qd1 Kd7 43. Rh2 Rh6 44. Reh1 Kc7 45. Qe2 Rah8 46. Qd1 R8h7 47. Qe2 Be8 48. Qd1 Bd7 49. Qg1 Qg6 50. Qf1 Qe8 51. Qg1 Qc8 52. Qd1 Kb7 53. Qe2 Qh8 54. Kg3 Kc7 55. Bb2 Qc8 56. Bc3 hxg4 57. hxg4 Qh8 58. Bb2 Bf8 59. Bc3 Bg7 60. Qg2 Rh4 61. Rh3 Qc8 62. R1h2 Bxg4 63. Rxh4 gxh4+ 64. Kf2 Bd7 65. Qh1 Qh8 66. Nb1 f5 67. Ke2 fxe4 68. fxe4 Bg4+ 69. Kd3 Bf6 70. Be1 h3 71. Kc2 Bg5 72. Bd2 Bf4 73. Bxf4 exf4 74. Qf1 f3 75. Qf2 Qa1 76. Nc3 Qa3 77. Qg3 Rg7 78. Qf2 Qb4 79. Kd3 Qb3 80. Qg3 Qa3 81. Kc2 f2 82. Qxf2 Bd1+ 83. Kxd1 Qxc3 84. Rh1 Qd3+ 85. Kc1 Qxe4 86. Re1 Qxc4+ 87. Qc2 Qf4+ 88. Qd2 Qxd2+ 89. Kxd2 Rg5 90. Rh1 Rxd5+ 91. Ke3 Re5+ 92. Kf4 c4 93. Rxh3 Re7 94. Rc3 d5 95. Kf3 Kd6 96. Kf4 Kc5 97. Ra3 Kb4 98. Ra1 d4 99. Kf3 Re3+ 100. Kf2 Ra3 101. Rxa3 Kxa3 102. Ke2 Kb3 103. Kd2 Kxa4 104. Kc2 Kb4 105. Kb2 a4 106. Kc2 d3+ 107. Kd2 Kb3 108. Kc1 a3 109. Kb1 a2+ 110. Ka1 Kb4 111. Kxa2 d2 112. Kb2 d1=Q 113. Ka2 Kc3 114. Ka3 Qb3# 0-1

[Event "CAN/Quebec op U1700"]
[Site "Montreal CAN"]
[Date "2008.07.22"]
[Round "4"]
[White "White, Chris"]
[Black "Lepine, Cedric"]
[Result "1-0"]
[WhiteElo "1660"]
[BlackElo "1604"]
[PlyCount "109"]
[GameId "2160767910353566"]
[EventDate "2008.07.19"]
[EventType "swiss"]
[EventRounds "9"]
[EventCountry "CAN"]

1. d4 f5 2. c4 e6 3. Nc3 Nf6 4. g3 c5 5. Nf3 cxd4 6. Nxd4 d6 7. Qd3 Nc6 8. Nxc6 bxc6 9. Bg2 Qc7 10. Nb5 Qd7 11. Nd4 Bb7 12. O-O d5 13. Qe3 Kf7 14. cxd5 cxd5 15. Nf3 Bd6 16. b3 h6 17. Ne5+ Bxe5 18. Qxe5 Rhc8 19. Bb2 Kg8 20. Rac1 Ba6 21. Bf3 Ne4 22. Rxc8+ Rxc8 23. Rc1 Rxc1+ 24. Bxc1 Qd6 25. Qxd6 Nxd6 26. Ba3 Nb5 27. Bc5 Nc3 28. Bxa7 Bxe2 29. Bxe2 Nxe2+ 30. Kf1 Nc1 31. b4 Nxa2 32. b5 Nb4 33. b6 Nc6 34. b7 Kf7 35. b8=Q Nxb8 36. Bxb8 Kf6 37. f4 g5 38. Ke2 gxf4 39. gxf4 Kg6 40. Kd3 Kh5 41. Kd4 Kg4 42. Ke5 h5 43. Ba7 h4 44. Bf2 h3 45. Bg3 Kf3 46. Kd4 Ke2 47. Ke5 Ke3 48. Kxe6 d4 49. Be1 d3 50. Kxf5 Kf3 51. Bd2 Kg2 52. Ke4 Kxh2 53. Kf3 Kh1 54. f5 h2 55. Bf4 1-0

[Event "CAN/Quebec op U2000"]
[Site "Montreal CAN"]
[Date "2008.07.22"]
[Round "5"]
[White "Gauthier, Denis"]
[Black "Laurin, Marcel"]
[Result "0-1"]
[WhiteElo "1927"]
[BlackElo "1602"]
[PlyCount "52"]
[GameId "2160767910353567"]
[EventDate "2008.07.19"]
[EventType "swiss"]
[EventRounds "8"]
[EventCountry "CAN"]
[SourceTitle "hb 2016"]

1. d4 d5 2. c4 e5 3. dxe5 d4 4. e4 Nc6 5. f4 f6 6. exf6 Nxf6 7. Nd2 Bb4 8. Bd3 Ng4 9. Ngf3 Ne3 10. Qe2 Bg4 11. Kf2 O-O 12. h3 Bxf3 13. Qxf3 Ne5 14. fxe5 Rxf3+ 15. Nxf3 Qd7 16. a3 Be7 17. b4 Rf8 18. Rg1 Bh4+ 19. Ke2 Nxg2 20. Rxg2 Rxf3 21. Bh6 g6 22. Rg4 Qf7 23. Rxh4 Rf2+ 24. Ke1 Qf3 25. Rd1 Rh2 26. Rf4 Rh1+ 0-1

[Event "CAN/Quebec op U2400"]
[Site "Montreal CAN"]
[Date "2008.07.27"]
[Round "9"]
[White "Oussedik, Elias"]
[Black "Adriano, Testa"]
[Result "0-1"]
[WhiteElo "1980"]
[BlackElo "2080"]
[PlyCount "102"]
[GameId "2160767910353569"]
[EventDate "2008.07.19"]
[EventType "swiss"]
[EventRounds "9"]
[EventCountry "CAN"]

1. e4 c6 2. d4 d5 3. exd5 cxd5 4. c4 Nf6 5. Nc3 e6 6. Nf3 Bb4 7. cxd5 Nxd5 8. Bd2 O-O 9. Bd3 h6 10. O-O Nf6 11. Bc2 Nc6 12. a3 Ba5 13. Bf4 Bb6 14. Ne2 Bc7 15. Bg3 Bxg3 16. Nxg3 Qd5 17. Qd3 Rd8 18. Rad1 a5 19. Rfe1 b6 20. Bb3 Qd6 21. Ne4 Qe7 22. Bc2 g6 23. Qe3 Kg7 24. Ne5 Bb7 25. Nxf6 Qxf6 26. Bb3 Ne7 27. h3 Rac8 28. Nxf7 Qxf7 29. Bxe6 Nf5 30. Qe5+ Qf6 31. Bxc8 Bxc8 32. Qc7+ Kg8 33. Re4 Rf8 34. f3 Nh4 35. Qg3 Nf5 36. Qc7 Qg5 37. Qc4+ Kh8 38. d5 Ng3 39. Qd4+ Kg8 40. Re5 Qf6 41. Rde1 Bd7 42. b4 Bxh3 43. Qf2 Nh5 44. gxh3 Nf4 45. Qg3 Nd3 46. Re6 Qd4+ 47. R1e3 g5 48. h4 Nf4 49. Qe1 Nxe6 50. dxe6 Rxf3 51. e7 Qxe3+ 0-1

[Event "CMA Spring RR"]
[Site "Toronto CAN"]
[Date "2008.06.20"]
[Round "7"]
[White "Shah, Omar"]
[Black "Muir, Tom"]
[Result "1-0"]
[WhiteElo "1904"]
[BlackElo "1602"]
[PlyCount "65"]
[GameId "2160767910350849"]
[EventDate "2008.05.09"]
[EventType "tourn"]
[EventRounds "7"]
[EventCountry "CAN"]
[SourceTitle "hb 2019"]

1. e4 c6 2. d4 d5 3. Nc3 dxe4 4. Nxe4 Bf5 5. Ng3 Bg6 6. Nf3 h6 7. Ne5 Bh7 8. Qh5 g6 9. Qf3 Nf6 10. Bc4 e6 11. Ne4 Nbd7 12. Nxd7 Nxd7 13. Bf4 Nf6 14. Be5 Nxe4 15. Qxe4 Rg8 16. O-O-O Qe7 17. Rhe1 Qb4 18. Bb3 Be7 19. h4 Kf8 20. Re3 c5 21. Rc3 Rc8 22. Rc4 Qb6 23. d5 exd5 24. Rxd5 Rd8 25. Rc3 Bd6 26. Rcd3 Be7 27. Rxd8+ Bxd8 28. Qd5 Qe6 29. Qxd8+ Qe8 30. Bf6 g5 31. Rd7 Bg6 32. Qxe8+ Kxe8 33. Rd8# 1-0

[Event "CYCC U08"]
[Site "Quebec CAN"]
[Date "2008.07.14"]
[Round "1"]
[White "Aghamalian, Derick"]
[Black "Boushy, Declan Paul"]
[Result "1-0"]
[WhiteElo "954"]
[BlackElo "783"]
[PlyCount "61"]
[GameId "2160767910353794"]
[EventDate "2008.07.14"]
[EventType "swiss"]
[EventRounds "7"]
[EventCountry "CAN"]
[SourceTitle "EXT 2011"]
[Source "ChessBase"]
[SourceDate "2011.11.26"]
[SourceVersion "1"]
[SourceVersionDate "2011.11.26"]
[SourceQuality "1"]

1. e4 e5 2. Bc4 Nc6 3. Nf3 d6 4. d3 Be6 5. Bxe6 fxe6 6. Bg5 Be7 7. Bxe7 Ncxe7 8. Ng5 h6 9. Nxe6 Qd7 10. Nxg7+ Kd8 11. O-O Kc8 12. Qf3 Kb8 13. Nf5 Nc8 14. Qg3 Nge7 15. Qg7 Qd8 16. Nxe7 Nxe7 17. Re1 Nf5 18. exf5 Qg8 19. Qxg8+ Rxg8 20. Re3 d5 21. Rxe5 b6 22. f6 Rc8 23. Rf5 Rf8 24. Rxd5 Rc8 25. Rf5 Re8 26. Nc3 a5 27. f7 Re7 28. f8=Q+ Kb7 29. Qxe7 Ra6 30. Nd5 Ra8 31. Qe8 1-0

[Event "CYCC U08"]
[Site "Quebec CAN"]
[Date "2008.07.14"]
[Round "1"]
[White "Gagne, Eric"]
[Black "Lee, Jonah"]
[Result "0-1"]
[WhiteElo "951"]
[BlackElo "1318"]
[PlyCount "24"]
[GameId "2160767910353796"]
[EventDate "2008.07.14"]
[EventType "swiss"]
[EventRounds "7"]
[EventCountry "CAN"]
[SourceTitle "EXT 2011"]
[Source "ChessBase"]
[SourceDate "2011.11.26"]
[SourceVersion "1"]
[SourceVersionDate "2011.11.26"]
[SourceQuality "1"]

1. e4 e6 2. Nc3 d5 3. Bb5+ Bd7 4. Bxd7+ Qxd7 5. Nf3 d4 6. Ne2 Nc6 7. c3 dxc3 8. bxc3 Nf6 9. Ned4 Nxd4 10. cxd4 Nxe4 11. Ne5 Qxd4 12. Nf3 Qxf2# 0-1

[Event "CYCC U08"]
[Site "Quebec CAN"]
[Date "2008.07.14"]
[Round "1"]
[White "Gugel, Brett"]
[Black "Luo, Alan"]
[Result "0-1"]
[WhiteElo "1176"]
[BlackElo "914"]
[PlyCount "94"]
[GameId "2160767910353797"]
[EventDate "2008.07.14"]
[EventType "swiss"]
[EventRounds "7"]
[EventCountry "CAN"]
[SourceTitle "EXT 2011"]
[Source "ChessBase"]
[SourceDate "2011.11.26"]
[SourceVersion "1"]
[SourceVersionDate "2011.11.26"]
[SourceQuality "1"]

1. e4 e5 2. Nf3 Nc6 3. Bb5 Nf6 4. O-O Nxe4 5. d4 Nd6 6. dxe5 Nxb5 7. Bg5 Be7 8. Qd2 Bxg5 9. Nxg5 O-O 10. c4 Nbd4 11. Re1 h6 12. Ne4 Re8 13. Nc5 Qg5 14. Qxg5 hxg5 15. Nd3 Nc2 16. Rc1 Nxa1 17. Nc3 Nxe5 18. Nxe5 Rxe5 19. Rxa1 d6 20. g3 Bh3 21. f3 Re3 22. Kf2 Rae8 23. Ne4 Rd3 24. Nxg5 Bd7 25. h4 Rd2+ 26. Kg1 Rxb2 27. h5 Rb4 28. Rc1 Ra4 29. Rb1 b6 30. Rb2 Rxc4 31. Ne4 d5 32. Nf2 d4 33. Nd3 Re3 34. Rd2 Rc3 35. Nf4 d3 36. Kf2 Re5 37. Rxd3 Rc2+ 38. Kf1 Bb5 39. g4 Bxd3+ 40. Nxd3 Rb5 41. Ne1 Rb1 42. g5 Rxa2 43. f4 c5 44. h6 gxh6 45. g6 fxg6 46. f5 gxf5 47. Kg1 Rxe1# 0-1

[Event "CYCC U08"]
[Site "Quebec CAN"]
[Date "2008.07.14"]
[Round "1"]
[White "Kassam, Jamil"]
[Black "Lepage, Marcel"]
[Result "1-0"]
[WhiteElo "1210"]
[BlackElo "946"]
[PlyCount "85"]
[GameId "2160767910353798"]
[EventDate "2008.07.14"]
[EventType "swiss"]
[EventRounds "7"]
[EventCountry "CAN"]
[SourceTitle "EXT 2011"]
[Source "ChessBase"]
[SourceDate "2011.11.26"]
[SourceVersion "1"]
[SourceVersionDate "2011.11.26"]
[SourceQuality "1"]

1. e4 e5 2. Nf3 Nf6 3. Nxe5 Nxe4 4. Qe2 d5 5. d3 h5 6. dxe4 Bg4 7. Nf3 Qe7 8. exd5 Qxe2+ 9. Bxe2 Bc5 10. Bf4 Bxf3 11. Bxf3 h4 12. O-O h3 13. g3 Na6 14. Re1+ Kd8 15. Nc3 f6 16. d6 cxd6 17. Bxb7 Rb8 18. Bxa6 g5 19. Be3 Bb4 20. Bd4 Rf8 21. Re6 f5 22. Bf6+ Kd7 23. Re7+ Kd8 24. Rb7+ Rxf6 25. Rxb8+ Kc7 26. Rxb4 Re6 27. Nd5+ Kc6 28. Ne3 f4 29. Nf5 fxg3 30. Nd4+ Kc5 31. Rc4+ Kb6 32. Rc6+ Ka5 33. Nxe6 g2 34. Nxg5 d5 35. Nxh3 d4 36. Kxg2 d3 37. f4 d2 38. f5 d1=Q 39. Rxd1 Kb4 40. f6 Ka5 41. f7 Ka4 42. f8=Q Ka5 43. Qa3# 1-0

[Event "CYCC U08"]
[Site "Quebec CAN"]
[Date "2008.07.14"]
[Round "1"]
[White "Robichaud, Alexandre"]
[Black "Lepage, Draven"]
[Result "1-0"]
[WhiteElo "891"]
[BlackElo "991"]
[PlyCount "101"]
[GameId "2160767910353799"]
[EventDate "2008.07.14"]
[EventType "swiss"]
[EventRounds "7"]
[EventCountry "CAN"]
[SourceTitle "EXT 2011"]
[Source "ChessBase"]
[SourceDate "2011.11.26"]
[SourceVersion "1"]
[SourceVersionDate "2011.11.26"]
[SourceQuality "1"]

1. e4 e5 2. Nf3 Nc6 3. Bb5 Nf6 4. Nc3 Bb4 5. Bc4 Na5 6. Nxe5 Bxc3 7. dxc3 Nxc4 8. Nxc4 d5 9. exd5 Nxd5 10. O-O Ne7 11. Qxd8+ Kxd8 12. Rd1+ Bd7 13. Ne5 Ke8 14. Nxd7 Rd8 15. Bf4 Rxd7 16. Rxd7 Kxd7 17. Rd1+ Nd5 18. Rxd5+ Ke7 19. Bxc7 Ke6 20. Re5+ Kd7 21. Rc5 Re8 22. Re5 Rc8 23. Ba5 b6 24. Bb4 a5 25. Re7+ Kc6 26. Ba3 Rd8 27. Re1 b5 28. b4 axb4 29. cxb4 Ra8 30. Bb2 Rxa2 31. Bxg7 Rxc2 32. Bh6 Rb2 33. Bf8 f5 34. g3 h5 35. Rc1+ Kb7 36. Re1 Rd2 37. Re5 Rd1+ 38. Kg2 Rd8 39. Rxb5+ Kc6 40. Rxf5 Kb6 41. Bc5+ Kb5 42. Be7+ Rd5 43. Rxd5+ Kc6 44. Rd1 Kb7 45. Rb1 Kc7 46. b5 Kb6 47. Bd8+ Kb7 48. b6 Kb8 49. b7 Ka7 50. b8=Q+ Ka6 51. Qb6# 1-0

[Event "CYCC U08"]
[Site "Quebec CAN"]
[Date "2008.07.14"]
[Round "1"]
[White "Seguin, Derek"]
[Black "Liu, Tony"]
[Result "0-1"]
[WhiteElo "1027"]
[BlackElo "673"]
[PlyCount "36"]
[GameId "2160767910353800"]
[EventDate "2008.07.14"]
[EventType "swiss"]
[EventRounds "7"]
[EventCountry "CAN"]
[SourceTitle "EXT 2011"]
[Source "ChessBase"]
[SourceDate "2011.11.26"]
[SourceVersion "1"]
[SourceVersionDate "2011.11.26"]
[SourceQuality "1"]

1. e4 e5 2. Nf3 Nc6 3. Bc4 Bc5 4. d3 Nf6 5. Be3 Bxe3 6. fxe3 O-O 7. Nc3 d6 8. d4 exd4 9. exd4 Bg4 10. Be2 d5 11. Nxd5 Nxd5 12. exd5 Qxd5 13. c4 Qe6 14. d5 Qe3 15. dxc6 bxc6 16. Qc1 Qe4 17. Rf1 Rfe8 18. h3 Qxe2# 0-1

[Event "CYCC U08"]
[Site "Quebec CAN"]
[Date "2008.07.14"]
[Round "1"]
[White "Zhang, Richard"]
[Black "Bellissimo, Joseph"]
[Result "0-1"]
[WhiteElo "962"]
[BlackElo "1206"]
[PlyCount "74"]
[GameId "2160767910353801"]
[EventDate "2008.07.14"]
[EventType "swiss"]
[EventRounds "7"]
[EventCountry "CAN"]
[SourceTitle "EXT 2011"]
[Source "ChessBase"]
[SourceDate "2011.11.26"]
[SourceVersion "1"]
[SourceVersionDate "2011.11.26"]
[SourceQuality "1"]

1. e4 e5 2. Nf3 Nc6 3. Bb5 Bc5 4. c3 a6 5. Ba4 Qf6 6. O-O d6 7. d3 Nge7 8. Bg5 Qg6 9. Nbd2 h6 10. Bxe7 Kxe7 11. Kh1 b5 12. Bc2 Qh5 13. b4 Bb6 14. a4 bxa4 15. Bxa4 Bb7 16. Qe2 g5 17. Nb3 g4 18. Nfd2 Nd8 19. h3 Rg8 20. Kh2 g3+ 21. fxg3 Qxe2 22. Rae1 Qh5 23. g4 Rxg4 24. Rf5 Rg5 25. Rxg5 Qxg5 26. Rf1 Bc8 27. Rf3 a5 28. Bb5 a4 29. Rg3 Qf4 30. Na1 h5 31. Nf3 h4 32. Nxh4 Bf2 33. Nc2 Qxg3+ 34. Kh1 a3 35. Nxa3 Rxa3 36. Nf3 Ra1+ 37. Ne1 Rxe1# 0-1

[Event "CYCC U08"]
[Site "Quebec CAN"]
[Date "2008.07.14"]
[Round "2"]
[White "Bellissimo, Joseph"]
[Black "Liu, Tony"]
[Result "1-0"]
[WhiteElo "1206"]
[BlackElo "673"]
[PlyCount "145"]
[GameId "2160767910353802"]
[EventDate "2008.07.14"]
[EventType "swiss"]
[EventRounds "7"]
[EventCountry "CAN"]
[SourceTitle "EXT 2011"]
[Source "ChessBase"]
[SourceDate "2011.11.26"]
[SourceVersion "1"]
[SourceVersionDate "2011.11.26"]
[SourceQuality "1"]

1. e4 e5 2. Nf3 Nc6 3. Bc4 Bc5 4. c3 Nf6 5. d4 exd4 6. cxd4 Bb4+ 7. Bd2 Bxd2+ 8. Nbxd2 O-O 9. O-O Re8 10. e5 Ng4 11. h3 Nh6 12. Re1 Nf5 13. Ne4 d5 14. exd6 cxd6 15. d5 Ne5 16. Nxe5 Rxe5 17. Rc1 Qe8 18. Qd3 b6 19. Bb5 Bd7 20. Bxd7 Qxd7 21. Qf3 Rc8 22. Rxc8+ Qxc8 23. g4 Nh4 24. Qg3 Ng6 25. h4 Qc7 26. h5 Ne7 27. f4 Rxd5 28. h6 Qc2 29. Nc3 Kf8 30. hxg7+ Kxg7 31. Rxe7 Qc1+ 32. Re1 Rd3 33. Qf2 Qd2 34. Qxd2 Rxd2 35. Re2 Rd4 36. Rf2 Kf6 37. Kg2 Kg6 38. Ne2 Rb4 39. Ng3 d5 40. f5+ Kg5 41. f6 Kxg4 42. b3 Kg5 43. Rf5+ Kg6 44. Rxd5 Kxf6 45. Rd6+ Kg5 46. Rd7 Rf4 47. Rxa7 Kh4 48. Ne2 Rg4+ 49. Kf3 Rg7 50. Rb7 Kg5 51. Rxb6 h5 52. Rb4 h4 53. Rg4+ Kf6 54. Rxg7 Kxg7 55. Kg4 Kg6 56. Kxh4 Kf5 57. Kg3 Ke4 58. a4 Kd5 59. b4 Kc6 60. Kf4 Kd7 61. Kf5 Ke7 62. Nd4 f6 63. b5 Kd7 64. Kxf6 Kc7 65. Ke6 Kb6 66. Nc6 Kc7 67. a5 Kb7 68. Nb4 Kb8 69. Kd7 Ka8 70. Kc7 Ka7 71. b6+ Ka8 72. b7+ Ka7 73. b8=Q# 1-0

[Event "CYCC U08"]
[Site "Quebec CAN"]
[Date "2008.07.14"]
[Round "2"]
[White "Lee, Jonah"]
[Black "Aghamalian, Derick"]
[Result "1-0"]
[WhiteElo "1318"]
[BlackElo "954"]
[PlyCount "37"]
[GameId "2160767910353803"]
[EventDate "2008.07.14"]
[EventType "swiss"]
[EventRounds "7"]
[EventCountry "CAN"]
[SourceTitle "EXT 2011"]
[Source "ChessBase"]
[SourceDate "2011.11.26"]
[SourceVersion "1"]
[SourceVersionDate "2011.11.26"]
[SourceQuality "1"]

1. c4 e5 2. g3 d5 3. Bg2 dxc4 4. Qa4+ Bd7 5. Qxc4 Nc6 6. Nf3 Be6 7. Qc2 Nd4 8. Nxd4 exd4 9. Bxb7 Rb8 10. Bc6+ Bd7 11. Bg2 Qe7 12. d3 Qe6 13. Bd2 Qc6 14. Bxc6 Bxc6 15. Qxc6+ Kd8 16. Bf4 Ke7 17. Qxc7+ Kf6 18. Qe5+ Kg6 19. Qg5# 1-0

[Event "CYCC U08"]
[Site "Quebec CAN"]
[Date "2008.07.14"]
[Round "2"]
[White "Lepage, Marcel"]
[Black "Gugel, Brett"]
[Result "0-1"]
[WhiteElo "946"]
[BlackElo "1176"]
[PlyCount "48"]
[GameId "2160767910353804"]
[EventDate "2008.07.14"]
[EventType "swiss"]
[EventRounds "7"]
[EventCountry "CAN"]
[SourceTitle "EXT 2011"]
[Source "ChessBase"]
[SourceDate "2011.11.26"]
[SourceVersion "1"]
[SourceVersionDate "2011.11.26"]
[SourceQuality "1"]

1. e4 e5 2. Nc3 Nf6 3. Nf3 Nc6 4. Bc4 Nxe4 5. Nxe5 Nxe5 6. Nxe4 d5 7. d3 dxc4 8. d4 Nc6 9. d5 Ne5 10. Bg5 f6 11. Bh4 Bf5 12. Ng3 Bd7 13. O-O Qe7 14. Re1 O-O-O 15. Nh5 Qf7 16. Rc1 Be7 17. Bg3 Bd6 18. b3 Bg4 19. Nf4 Bxd1 20. Rcxd1 Bb4 21. Re4 Rhe8 22. Ne6 Rxe6 23. dxe6 Rxd1+ 24. Re1 Rxe1# 0-1

[Event "CYCC U08"]
[Site "Quebec CAN"]
[Date "2008.07.14"]
[Round "2"]
[White "Luo, Alan"]
[Black "Kassam, Jamil"]
[Result "0-1"]
[WhiteElo "914"]
[BlackElo "1210"]
[PlyCount "76"]
[GameId "2160767910353805"]
[EventDate "2008.07.14"]
[EventType "swiss"]
[EventRounds "7"]
[EventCountry "CAN"]
[SourceTitle "EXT 2011"]
[Source "ChessBase"]
[SourceDate "2011.11.26"]
[SourceVersion "1"]
[SourceVersionDate "2011.11.26"]
[SourceQuality "1"]

1. e4 e5 2. Nf3 Nc6 3. Bc4 Bc5 4. c3 Nf6 5. O-O O-O 6. d3 h6 7. Be3 Bb6 8. Nbd2 d5 9. exd5 Nxd5 10. Bxd5 Qxd5 11. Qe2 Bf5 12. Ne1 Rad8 13. c4 Qd7 14. Rd1 Bxd3 15. Nxd3 Bxe3 16. Qxe3 Qxd3 17. Qxd3 Rxd3 18. Ne4 Rfd8 19. Rxd3 Rxd3 20. Nc5 Rd2 21. Rb1 b6 22. Nb3 Rc2 23. Kf1 Rxc4 24. Rd1 Nd4 25. Nxd4 Rxd4 26. Rxd4 exd4 27. Ke2 c5 28. Kd3 Kf8 29. a3 Ke7 30. b4 Kd6 31. b5 Kd5 32. a4 c4+ 33. Kc2 c3 34. f3 Kc4 35. Kd1 Kd3 36. Kc1 c2 37. h3 Kc3 38. g4 d3 0-1